UBT Library

Failures in organization development and change : (Record no. 41843)

000 -LEADER
fixed length control field 00621pam a2200217 i 4500
001 - CONTROL NUMBER
control field 831911
005 - DATE AND TIME OF LATEST TRANSACTION
control field 20180206031935.0
008 - FIXED-LENGTH DATA ELEMENTS--GENERAL INFORMATION
fixed length control field 770720s1977 nyu b 011 0 eng
010 ## - LIBRARY OF CONGRESS CONTROL NUMBER
LC control number 77021625
020 ## - INTERNATIONAL STANDARD BOOK NUMBER
International Standard Book Number 0471024058
040 ## - CATALOGING SOURCE
Original cataloging agency DLC
Transcribing agency DLC
Modifying agency DLC
041 ## - LANGUAGE CODE
Language code of text/sound track or separate title eng
080 ## - UNIVERSAL DECIMAL CLASSIFICATION NUMBER
Universal Decimal Classification number 658.406
082 00 - DEWEY DECIMAL CLASSIFICATION NUMBER
Classification number 658.406 MIR
100 ## - Rafti
Rafti 54
101 ## - Shkurtesa
Shkurtesa LID
245 00 - TITLE STATEMENT
Title Failures in organization development and change :
Statement of responsibility, etc [edited by] Philip H. Mirvis, David N. Berg.
504 ## - BIBLIOGRAPHY, ETC. NOTE
Bibliography, etc Bibliography: p. 335-342.
906 ## - LOCAL DATA ELEMENT F, LDF (RLIN)
a 7
b cbc
c orignew
d 1
e ocip
f 19
g y-gencatlg
942 ## - ADDED ENTRY ELEMENTS (KOHA)
Source of classification or shelving scheme
Item type Books
Holdings
Withdrawn status Lost status Source of classification or shelving scheme Damaged status Not for loan Collection code Permanent location Current location Shelving location Date acquired Total Checkouts Full call number Barcode Date last seen Price effective from Koha item type
          Koleksioni i përgjithshem UBT - Lipjan UBT - Lipjan Koleksioni i përgjithshem 02/06/2018   658.406 MIR 002-2997189 02/06/2018 02/06/2018 Books
UBT Library © 2015-2024. All rights reserved University Education for Business and Technology